Spoločnosti poskytujúce audítorské služby
Analýza spoločností, ktoré sa podieľajú na poskytovaní audítorských služieb. Na Slovensku bolo v období 2013-2016 aktívnych 236 takýchto spoločností. Každá z týchto spoločností je povinná zverejniť účtovnú závierku v účtovnej závierke.
Enregistré dans:
| Auteur principal: | |
|---|---|
| Autres auteurs: | , , |
| Format: | Chapitre de livre |
| Langue: | slovaque |
| Sujets: | |
| Tags: |
Pas de tags, Soyez le premier à ajouter un tag!
|
MARC
| LEADER | 00000naa$a2200000$$$4500 | ||
|---|---|---|---|
| 001 | 0250045 | ||
| 005 | 20240502074013.5 | ||
| 041 | 0 | |a slo | |
| 044 | |a SK | ||
| 245 | 1 | 0 | |a Spoločnosti poskytujúce audítorské služby |c Zuzana Juhászová, Ján Užík, Miloš Tumpach, Zuzana Kubaščíková |
| 520 | |a Analýza spoločností, ktoré sa podieľajú na poskytovaní audítorských služieb. Na Slovensku bolo v období 2013-2016 aktívnych 236 takýchto spoločností. Každá z týchto spoločností je povinná zverejniť účtovnú závierku v účtovnej závierke. | ||
| 610 | 2 | 0 | |a audit |
| 610 | 2 | 0 | |a audit finančný |
| 610 | 2 | 0 | |a kontrola finančná |
| 610 | 2 | 0 | |a audítorstvo |
| 610 | 2 | 0 | |a účtovníctvo |
| 610 | 2 | 0 | |a závierka účtovná |
| 100 | 1 | |a Juhászová, Zuzana, 1970- | |
| 700 | 1 | |a Užík, Ján, 1969- | |
| 700 | 1 | |a Tumpach, Miloš, 1970- | |
| 700 | 1 | |a Kubaščíková, Zuzana, 1982- | |